A textbook of strength of materials (Record no. 6109)
[ view plain ]
| 000 -LEADER | |
|---|---|
| fixed length control field | 00462nam a2200181Ia 4500 |
| 008 - FIXED-LENGTH DATA ELEMENTS--GENERAL INFORMATION | |
| fixed length control field | 230711s9999||||xx |||||||||||||| ||und|| |
| 020 ## - INTERNATIONAL STANDARD BOOK NUMBER | |
| International Standard Book Number | 978-81-224-3080-6 |
| 041 ## - LANGUAGE CODE | |
| Language code of text/sound track or separate title | ENG |
| 082 ## - DEWEY DECIMAL CLASSIFICATION NUMBER | |
| Classification number | 620.112 |
| Item number | GH-S |
| 100 ## - MAIN ENTRY--PERSONAL NAME | |
| Personal name | Ghosh,D |
| 245 #2 - TITLE STATEMENT | |
| Title | A textbook of strength of materials |
| 250 ## - EDITION STATEMENT | |
| Edition statement | 1st Ed. |
| 260 ## - PUBLICATION, DISTRIBUTION, ETC. | |
| Date of publication, distribution, etc. | 2015 |
| Place of publication, distribution, etc. | New Delhi |
| Name of publisher, distributor, etc. | New Age International Publishers |
| 300 ## - PHYSICAL DESCRIPTION | |
| Extent | 630p. |
| 650 ## - SUBJECT ADDED ENTRY--TOPICAL TERM | |
| Topical term or geographic name entry element | Mechanical Engineering |
| 700 ## - ADDED ENTRY--PERSONAL NAME | |
| Personal name | Datta,A.K |
| 942 ## - ADDED ENTRY ELEMENTS (KOHA) | |
| Koha item type | Book |
| Withdrawn status | Lost status | Damaged status | Not for loan | Collection | Home library | Current library | Date acquired | Cost, normal purchase price | Inventory number | Total checkouts | Full call number | Barcode | Date last seen | Price effective from | Koha item type | Date last checked out | Date due |
|---|---|---|---|---|---|---|---|---|---|---|---|---|---|---|---|---|---|
| MRSPTU Central Library | MRSPTU Central Library | 350.00 | KBD/2016-2017/961742808 | 620.112 GH-S | 33532 | 08/17/2023 | 08/17/2023 | Book | |||||||||
| MRSPTU Central Library | MRSPTU Central Library | 350.00 | KBD/2016-2017/961742808 | 620.112 GH-S | 33533 | 08/17/2023 | 08/17/2023 | Book | |||||||||
| MRSPTU Central Library | MRSPTU Central Library | 350.00 | KBD/2016-2017/961742808 | 3 | 620.112 GH-S | 33534 | 01/07/2026 | 08/17/2023 | Book | 12/16/2025 | |||||||
| MRSPTU Central Library | MRSPTU Central Library | 350.00 | KBD/2016-2017/961742808 | 1 | 620.112 GH-S | 33535 | 11/26/2025 | 08/17/2023 | Book | 10/29/2025 | |||||||
| MRSPTU Central Library | MRSPTU Central Library | 350.00 | KBD/2016-2017/961742808 | 1 | 620.112 GH-S | 33536 | 04/07/2026 | 08/17/2023 | Book | 04/07/2026 | 04/28/2026 |
